De immaculato deiparae semper virginis conceptu (Record no. 161495)
[ view plain ]
| 000 -LEADER | |
|---|---|
| campo de control de longitud fija | 00582nam a2200169 4500 |
| 001 - NÚMERO DE CONTROL | |
| campo de control | 161495 |
| 003 - IDENTIFICADOR DE NÚMERO DE CONTROL | |
| campo de control | ES-MaACL |
| 005 - FECHA Y HORA DE LA ÚLTIMA TRANSACCIÓN | |
| campo de control | 20230906212310.0 |
| 008 - DATOS DE LONGITUD FIJA--INFORMACIÓN GENERAL | |
| campo de control de longitud fija | 950126m18541855it |||| | lat d |
| 040 ## - FUENTE DE CATALOGACIÓN | |
| Centro catalogador/agencia de origen | EUS |
| Lengua de catalogación | spa |
| Centro/agencia transcriptor | EUS |
| 100 1# - ENTRADA PRINCIPAL--NOMBRE DE PERSONA | |
| Nombre de persona | Passaglia, Carlo ( |
| Fechas asociadas al nombre | 1812-1887) |
| 9 (RLIN) | 130881 |
| 245 10 - MENCIÓN DEL TÍTULO | |
| Título | De immaculato deiparae semper virginis conceptu |
| Resto del título | : commentarius / |
| Mención de responsabilidad, etc. | Caroli Passaglia. |
| 260 ## - PUBLICACIÓN, DISTRIBUCIÓN, ETC. | |
| Lugar de publicación, distribución, etc. | Romae : |
| Nombre del editor, distribuidor, etc. | [s.n.], |
| Fecha de publicación, distribución, etc. | 1854-1855 ( |
| Fabricante | Typis S. Congregationis de Propaganda Fide) |
| 300 ## - DESCRIPCIÓN FÍSICA | |
| Extensión | 3 v. ; |
| Dimensiones | 31 cm. |
| 599 ## - NOTA A LAS ILUSTRACIONES | |
| NOTA A LAS ILUSTRACIONES | Contraport. con grab. |
| 852 ## - LOCALIZACIÓN | |
| Ubicación | ES-MaACL |
| Número de control de estantería | L-5067-69 |
| Nota libre | -- Enc. hol. |
| Estatus retirado | Estado de pérdida | Estado de daño | No para préstamo | Colección | Biblioteca de origen | Biblioteca actual | Ubicación en estantería | Fecha de adquisición | Total de préstamos | Signatura topográfica completa | Código de barras | Visto por última vez | Precio de reemplazo | Tipo de ítem Koha |
|---|---|---|---|---|---|---|---|---|---|---|---|---|---|---|
| Libros del s. XIX | Biblioteca del Ateneo de Madrid | Biblioteca del Ateneo de Madrid | Depósito 2 | 17/01/2008 | L-5067-69 | 1169162 | 23/02/2023 | 23/02/2023 | Libro impreso antiguo |
